000 00666nam a2200253 i 4500
001 bgj
100 1 _aWYSS, Jonathan David
_d(1743-1818).
245 1 0 _aThe Swiss Family Robinson /
_cJ. D. Wyss.
260 _aLondon :
_bPenguin Books,
_c1994.
300 _a323 pp ;
_c18 cm.
490 1 _aPenguin Popular Classics
501 _aA |Penguin/Godfery Cave Edition.
650 9 _aFamily life
650 9 _aSurvival
650 9 _aIslands
655 _aFiction
830 _aPenguin Popular Classics
020 _a0140621385
040 _cBPK
041 0 _aeng
_hger
920 _a0-14-062138-5
942 _cKS
008 s uk f |000 0 eng
999 _c48709
_d48709
856 _uhttp://koha.tu.koszalin.pl/cgi-bin/koha/opac-detail.pl?biblionumber=48709
_yKatalog online BPK